00321pab a2200109 454500008003600000100001600036245005400052362003100106650002400137650003500161773001500196180718b xxu||||| |||| 00| 0 eng d aMitra Ashok aSeshan or Congress: who is the greater adversary? a32(30), 11 Jun 1994, p.7-8 a Elections -- India aElection Commissioner -- India aMainstream